Research Direction in Transparency and Standardisation of Digital Supply Chain Evolution

Vytvorenie digitálneho trhu ako prvý cieľ stratégie Europe 2020. Súhrn potrieb dosiahnutia a rozvoja v danej oblasti. Hlavné úlohy pri rozvoji efektívnych inovácií.

Enregistré dans:
Détails bibliographiques
Auteur principal: Delinová, Alena, 1973-
Autres auteurs: Delina, Radoslav
Format: Chapitre de livre
Langue:anglais
Sujets:
Tags: Ajouter un tag
Pas de tags, Soyez le premier à ajouter un tag!

MARC

LEADER 00000nla a2200000 4500
001 0240481
005 20240502073916.6
041 0 |a eng 
044 |a SK 
245 1 0 |a Research Direction in Transparency and Standardisation of Digital Supply Chain Evolution  |c Alena Delinová, Radoslav Delina 
520 |a Vytvorenie digitálneho trhu ako prvý cieľ stratégie Europe 2020. Súhrn potrieb dosiahnutia a rozvoja v danej oblasti. Hlavné úlohy pri rozvoji efektívnych inovácií. 
610 2 0 |a trh elektronický 
610 2 0 |a digitalizácia 
610 2 0 |a štandardizácia 
610 2 0 |a dodávatelia 
100 1 |a Delinová, Alena, 1973- 
700 1 |a Delina, Radoslav